00605nam a2200193Ia 4500003000900000008004100009020001800050040001600068080001900084100002200103245002600125260002600151300001600177650004100193650002300234942000700257999001700264952013000281IN-BaIIA211028s9999 xx 000 0 eng d a0-7126-6988-4 cIIA Library a[8]:01:00bWAR aWarwick, K927124 0aI, CyborgcK. Warwick aLondonbCenturyc2002 aviii, 312p. aAutobiography - Kevin Warwick927125 aCybernetics914201 cBK c14978d14978 00104070aBANbBANcGENd2003-03-19eEDS g779.51l0o92:53/ WARp15900r2021-11-05v779.51w2003-03-19yBKGRs. 779.51